000 00912nam a2200289Ia 4500
003 OSt
005 20221005034642.0
006 a|||||r|||| 00| 0
007 ta
008 221004b |||||||| |||| 00| 0 urd d
020 _a9789386486981 (hbk)
_cINR 300.00
024 _a37251
037 _b5142, 31/01/2018, Kitabi Duniya
_cTextual
040 _aCRL
_cCRL
_burd
041 _2urd
_aurd
082 _aO168,1:g, Q7
100 _aRizvi Sayed Haidar Au.
_9587524
245 0 _aTafheem-o-tanazur
260 _aDelhi
_bEducational publishing house India
_c2017
300 _a232p.
_ccm.
650 _a URDU POETRY
650 _aCRITICISM
700 _a Hameed Barkat Co.
_9587525
700 _a Rizvi Farzan Co.
_9587526
942 _hO168,1:g, Q7
_cTEXL
_2cc
999 _c943827
_d943827